Coastal engineering: processes, theory and design practice

Shranjeno v:
Bibliografske podrobnosti
Main Authors: Reeve, Dominic (Author), Chadwick, Andrew (Author), Fleming, Chris (Author)
Format: Knjiga
Jezik:angleščina
Izdano: Boca Ratón CRC Press 2012
Izdaja:2a. ed
Teme:
Oznake: Označite
Brez oznak, prvi označite!

MARC

LEADER 00000cam a2200000 a 4500
001 UCC0286
003 CL-VaPUC
008 170728e20120000us |||||||||||||||||eng|d
020 |a 9780415583534 
020 |a 9780415583527 
082 0 4 |a 627.58  |b REE  |2 21 
100 0 |a Reeve, Dominic  |e author  |9 594197 
700 0 |a Chadwick, Andrew  |e author  |9 594198 
700 0 |a Fleming, Chris  |e author  |9 594199 
245 1 0 |a Coastal engineering: processes, theory and design practice 
250 |a 2a. ed 
300 |a 514 p 
942 |c BK 
945 |d 20170728 13:21:00  |a arojas 
260 |a Boca Ratón  |b CRC Press  |c 2012 
650 0 |a Costas  |9 261336 
650 7 |a INGENIERIA COSTERA  |2 CL-VaPUC  |9 555283 
650 0 |a Zonas costeras  |x Gestión  |9 555284 
650 7 |a PROTECCION DE LA COSTA  |2 CL-VaPUC  |9 555285 
583 |a last modification  |c 20170728 13:21:00  |k Rodrigo Vera 
999 |c 369155  |d 369153 
952 |0 0  |1 0  |3 erb  |4 0  |6 627_580000000000000_REE_2012  |7 0  |8 CCM  |9 484735  |a BIBCUR  |b BIBCUR  |i 5411572  |l 1  |o 627.58 REE 2012  |p 5411572  |r 2025-04-22  |s 2020-03-13  |w 2019-11-24  |y BK  |z Catalogado en:20170728  |k CIM